000 00429nam a2200181Ia 4500
001 15523
005 20260306170202.0
008 260306t1989||||xx |||||||||||||| ||und||
041 _aESP
082 _a541.369
_bV28
100 _aVan Wylen, Gordon J.
_eAUT
245 0 _aFundamentos de termodinámica
260 _c1989
300 _a734 páginas :
_c22 cm.
650 _aGEN
654 _aCCN
942 _cLIB
_dJUS
_fJUS
_2ddc
_n
999 _c15523
_d15523